Online
Catalog
Normal view MARC view

Entry Nombre geográfico

Number of records used in: 1

001 - NÚMERO DE CONTROL

  • campo de control: 13285

003 - IDENTIFICADOR DEL NÚMERO DE CONTROL

  • campo de control: OSt

005 - FECHA Y HORA DE LA ÚLTIMA TRANSACCIÓN

  • campo de control: 20200615032421.0

008 - DATOS DE LONGITUD FIJA

  • campo de control de longitud fija: 200615|| aca||aabn | a|a d

040 ## - FUENTE DE LA CATALOGACIÓN

  • Centro catalogador/agencia de origen: OSt
  • Centro/agencia transcriptor: OSt

151 ## - ENCABEZAMIENTO--NOMBRE GEOGRÁFICO

  • Nombre geográfico: ESTADOS UNIDOS
  • Subdivisión general: EMIGRACIÓN E INMIGRACIÓN
  • Subdivisión de forma: CONGRESOS, CONFERENCAS, ETC

670 ## - FUENTE DE DATOS ENCONTRADOS

  • Cita de la fuente: Work cat.: (OSt)4354: Congreso Internacional sobre Cifras y Políticas de la Migración Dominicana a los Estados Unidos (24-25 de junio de 1988 Santo Domingo, República Dominicana) 13282, Dominicanos ausentes :, 1989.

Powered by Koha